Logo BPK

Biblioteka

Politechniki Koszalińskiej

Projektowanie sieci i urządzeń kanalizacyjnych / (Rekord nr 3548)

Szczegóły MARC
000 -ETYKIETA REKORDU
podpole kontrolne o stałej długości 00330nam a2200133 i 4500
001 - NUMER KONTROLNY REKORDU
pole kontrolne bg
040 ## - ŹRÓDŁO KATALOGOWANIA
Instytucja, która utworzyła rekord BPK
041 ## - KOD JĘZYKA
Kod języka tekstu pol
008 - POLE O STAŁEJ DŁUGOŚCI - DANE KONTROLNE
podpole kontrolne o stałej długości s pl f |000 0 pol
100 1# - NAZWA OSOBOWA
Nazwa osobowa SOWIŃSKI, Marek
245 #0 - TYTUŁ/ODPOWIEDZIALNOŚĆ
Tytuł Projektowanie sieci i urządzeń kanalizacyjnych /
Pozostałe elementy strefy tytułu i oznaczenia odpowiedzialności Marek Sowiński.
260 ## - STREFA ADRESU WYDAWNICZEGO
Miejsce wydania Poznań,
Data publikacji, dystrybucji/powstania dokumentu 1986.
856 ## - LOKALIZACJA I DOSTĘP DO ELEKTRONICZNYCH DOKUMENTÓW ZDALNYCH
Link (URL) http://koha.tu.koszalin.pl/cgi-bin/koha/opac-detail.pl?biblionumber=3548
Tekst linku Katalog online BPK
942 ## - DODATKOWE ELEMENTY (KOHA)
Typ dokumentu Książka
Egzemplarze
Wycofany Status egzemplarza Uszkodzony Dostępność Lokalizacja stała Lokalizacja bieżąca Miejsce przechowywania Sygnatura Kod kreskowy Ostatnio wypożyczono Typ dokumentu
      Dostępny Biblioteka Politechniki Koszalińskiej Biblioteka Politechniki Koszalińskiej Wypożyczalnia BG P 37811 01322927 02.02.2018 Książka
© 2023 Biblioteka Politechniki Koszalińskiej :: KOHA